Dôveruj, ale preveruj
Portál, prostredníctvom ktorého je možné preveriť si hospodárske výsledky slovenských podnikov, ponúka okrem tradičných údajov o hospodárení firmy aj tzv. index podnikateľa. Ten hodnotí jeho celkovú finančnú situáciu, hovorí o bonite podniku.
Salvato in:
| Autore principale: | |
|---|---|
| Natura: | Capitolo di libro |
| Lingua: | slovacco |
| Soggetti: | |
| Tags: |
Nessun Tag, puoi essere il primo ad aggiungerne!!
|
MARC
| LEADER | 00000naa a2200000 4500 | ||
|---|---|---|---|
| 001 | 0221791 | ||
| 005 | 20160907142911.2 | ||
| 041 | 0 | |a slo | |
| 044 | |a SK | ||
| 245 | 1 | 0 | |a Dôveruj, ale preveruj |c Eva Vašková |
| 520 | |a Portál, prostredníctvom ktorého je možné preveriť si hospodárske výsledky slovenských podnikov, ponúka okrem tradičných údajov o hospodárení firmy aj tzv. index podnikateľa. Ten hodnotí jeho celkovú finančnú situáciu, hovorí o bonite podniku. | ||
| 610 | 2 | 0 | |a podnik |
| 610 | 2 | 0 | |a situácia finančná podniku |
| 610 | 2 | 0 | |a zdravie podniku finančné |
| 610 | 2 | 0 | |a bonita |
| 100 | 1 | |a Vašková, Eva | |